Веселий посібник для майбутніх ювілярів (Запис № 379662)

МАРК-запис
000 -Лідер
fixed length control field 00767nam a22002417a 4500
003 - Ідентифікатор контрольного номера
control field UA-OsUOA
001 - Контрольний номер
control field 93418
007 - Фіксоване поле фізичного опису
fixed length control field ta
008 - Елементи даних фіксованої довжини – загальна інформація
fixed length control field 20130121b un ||||| |||| 00| 0 ukr d
090 ## - Локальний шифр розміщення
Класифікаційний індекс УДК 82-92
Авторський знак (НП) Ч-75
040 ## - Джерело каталогізації
Агенція оригінальної каталогізації UA-OsUOA
Мова каталогізації ukr
Агенція, яка здійснювала перезапис UA-OsUOA
Агенція, яка здійснювала модифікацію UA-OsUOA
041 ## - Код мови
Код мови тексту/ звукової доріжки чи окремого заголовка (П) ukr
080 ## - Індекс Універсальної десяткової класифікації
Індекс Універсальної десяткової класифікації (УДК) (НП) 82-92
020 ## - Міжнародний стандартний книжковий номер (ISBN)
Міжнародний стандартний книжковий номер (ISBN) (НП) 978-617-533-021-0
100 ## - Основне введення – ім’я особи
Ім’я особи (НП) Чорногуз О.
245 ## - Відомості про назву
Назва (НП) Веселий посібник для майбутніх ювілярів
Решта назви (НП) вітання, тости, присвяти, публіцистика
Дані про відповідальність (НП) упор. В. С. Рабенчук
260 ## - Публікація, розповсюдження і т.п. (Вихідні дані)
Місце публікації, розповсюдження і т.п. (П) Вінниця
Ім’я/ наймення видавництва, розповсюджувача і т.п. (П) ДКФ
Дата публікації, розповсюдження і т.п. (П) 2011
300 ## - Фізичний опис
Обсяг 224 с.
650 #7 - Додаткове предметне введення – тематичний термін
Тематичний термін чи географічна назва, як елемент введення (НП) 82 Література. Літературознавство
Джерело заголовка чи терміна UDC
942 ## - Додаткові елементи входу (Коха)
Тип елемента Koha Книги
955 ## - Код типу видання за змістом
Код типу видання за змістом (НП) Навчальні видання
Фонди
Стан вилучень Стан втрат Джерело класифікації або схеми стелажів Стан уражень Не для кредиту Код колекції Постійне місце розташування Поточне розміщення Дата придбання Джерело придбання Вартість, звичайна ціна покупки Інвентарний номер Усього замовленно Повний номер виклику Штрих-код Дата останнього перегляду Ціна ефективна від Тип елемента Koha
    Universal Decimal Classification     Колекція Жулинського М.Г. АБ - Абонемент НБ АБ - Абонемент НБ 21/01/2013 3/2013 12.00 141163   82-92 Ч-75 141163 06/02/2022 21/01/2013 Книги
    Universal Decimal Classification     Колекція Жулинського М.Г. АБ - Абонемент НБ АБ - Абонемент НБ 06/09/2017 34/2017 12.00 155108   82-92 Ч-75 155108 06/02/2022 21/01/2013 Книги